On This Day: December 4th Quiz Stats

 Plays Quiz Updated Dec 4, 2017

Challenge
Share
Tweet
Embed
Score 0/7 Timer 03:00
0 Plays Today
Question Answer Wrong Answers
Now available in more than 100 countries, this home of the Whopper opens its first location in Jacksonville, Florida.
1954
Burger King
95.8%
Wendy's
1.6%
Carl's Jr.'s
0.6%
Jack in the Box
0.6%
This Spanish authoritarian leader, who ruled during the Spanish Civil War up until his death, is born.
1892
Francisco Franco
85.5%
Benito Mussolini
6.4%
Amancio Ortega Gaona
3.8%
Ramón Mercader
3.1%
This American guitarist, composer, iconoclast, anti-censorship advocate, and head of The Mothers of Invention passes away in his California home.
1993
Frank Zappa
71.5%
Freddie Mercury
11.8%
Stevie Ray Vaughan
10%
Jerry Nolan
4.3%
Following the death of drummer John Bonham two months earlier, the remaining members of this band announce their breakup.
1980
Led Zeppelin
64.6%
The Who
16.1%
Iron Maiden
7.6%
Eagles
10.1%
During the 5th National People's Congress, this nation ratifies a new constitution, their fourth since 1954.
1982
China
58.3%
South Korea
23.6%
Japan
7.5%
Malaysia
8.6%
This famed ship is discovered, mysteriously deserted, off the coast of the Azores Islands.
1872
Mary Celeste
39.2%
HMS Resolute
14.1%
Marlborough
2.2%
The Flying Dutchman
43.8%
The world's oldest Sunday newspaper, _____, is published for the first time in the United Kingdom.
1791
The Observer
33.4%
The Sun
17.5%
Daily Mirror
14.9%
Daily Mail
34.2%

You're not logged in!

Compare scores with friends on all Sporcle quizzes.
OR
Log In

You Might Also Like...

Show Comments

Extras

Top Quizzes Today


Score Distribution

Your Account Isn't Verified!

In order to create a playlist on Sporcle, you need to verify the email address you used during registration. Go to your Sporcle Settings to finish the process.

Report this User

Report this user for behavior that violates our Community Guidelines.

Details: